| 000 | 00585nam a22001937a 4500 | ||
|---|---|---|---|
| 003 | OSt | ||
| 005 | 20251121102753.0 | ||
| 008 | 251121b |||||||| |||| 00| 0 eng d | ||
| 020 | _a978-007-126029-9. | ||
| 040 |
_aDWCL-Main lib _cOC |
||
| 082 |
_24th ed. _aCirc. 621.3 G446t 2007 |
||
| 100 | _aStan Gibilisco | ||
| 245 |
_aTeach yourself electricity and electronics _cStan Gibilisco |
||
| 260 |
_aSingapore : _bMcGraw-Hill Education (Asia), _cc2007. |
||
| 504 | _aIncludes index. | ||
| 650 | _21. Electricity. | ||
| 650 | _22. Electronics. | ||
| 942 |
_2ddc _cBK-CIRC _e4th ed. _kCirc. _n0 |
||
| 999 |
_c5974 _d5974 |
||